Rugs of the Yomud tribes : an exhibition featuring rugs of the Yomud tribes of Russian Turkestan and northern Persia : catalogue /

Saved in:
Bibliographic Details
Main Author: Jones, H. McCoy
Corporate Authors: International Hajji Baba Society., Cosmos Club (Washington, D.C.)
Other Authors: Boucher, Jeff W.
Format: Book
Language:English
Published: Washington, D.C. : International Hajji Baba Society, 1976.
Subjects:
Tags: Add Tag
No Tags, Be the first to tag this record!
LEADER 01381cam a2200361 a 4500
001 001038152-X
005 20110204185834.0
008 830106s1976 dcuab bc 00010 eng d
035 0 |a ocm07851591 
035 1 |a MAHA83B45 
040 |a MH-FA  |c MH-FA 
043 |a e-ur-tk  |a a-ir--- 
050 4 |a NK2809.T8  |b J67 1976 
100 1 |a Jones, H. McCoy  |q (Harry McCoy) 
245 1 0 |a Rugs of the Yomud tribes :  |b an exhibition featuring rugs of the Yomud tribes of Russian Turkestan and northern Persia : catalogue /  |c prepared by H. McCoy Jones and Jeff W. Boucher. 
246 3 |a Yomud rugs. 
260 0 |a Washington, D.C. :  |b International Hajji Baba Society,  |c 1976. 
300 |a v, 7, [104] p. :  |b ill., map ;  |c 28 cm. 
500 |a Spine title: Yomud rugs. 
500 |a "Christmas exhibition of the International Hajji Baba Society, Inc., Washington, D.C., 1976"--Cover. 
504 |a Bibliography: p. 6 (first group) 
650 0 |a Rugs  |z Turkmenistan  |v Exhibitions. 
650 0 |a Rugs  |z Iran  |v Exhibitions. 
650 0 |a Rugs, Yomut  |v Exhibitions. 
650 0 |a Rugs, Turkmen  |v Exhibitions. 
650 0 |a Rugs  |z Asia, Central  |v Exhibitions. 
650 0 |a Rugs, Persian  |v Exhibitions. 
655 7 |a Exhibition catalogs.  |2 fast 
700 1 |a Boucher, Jeff W. 
710 2 |a International Hajji Baba Society. 
710 2 |a Cosmos Club (Washington, D.C.) 
988 |a 20020608 
906 |0 MH